00282nam a2200109Ia 4500008004100000020001800041100001600059245004400075260001300119500002500132650001500157230524s9999 xx 000 0 und d a9789350247181 aP.Subba Rao 0aInternational Human Resource Management bHimalaya aQuantity Number: 10 aManagement